000
00300nam a22001337a 4500
008
170220b xxu||||| |||| 00| 0 eng d
020
_a
9780781762656
041
_a
eng
080
_2
12TH
_a
615
100
_a
5
101
_a
SHF
245
_a
PHARMACEUTICAL CALCULATIONS
_c
ANSEL, H.C
942
_2
udc
_c
BK
999
_c
5787
_d
5787